Gaming Quiz

Random Gaming or Pokémon Quiz

Generation I Pokemon Moves Quiz Stats

 Plays Quiz not verified by Sporcle

Challenge
Share
Tweet
Embed
Score 0/164 Timer 15:00
1 Play Today
Type Move % Correct
ElectricThunder
95.6%
ElectricThunderbolt
91.7%
FireFlamethrower
91.7%
FireEmber
91.6%
FlyingFly
91.2%
ElectricThunder Shock
91.2%
NormalTackle
89.7%
DragonDragon Rage
89.7%
ElectricThunder Wave
89.7%
IceIce Beam
89.6%
WaterSurf
89.5%
PsychicPsychic
89.2%
WaterWater Gun
88.7%
GroundEarthquake
87.7%
RockRock Throw
87.3%
WaterBubble
86.8%
GrassVine Whip
86.5%
FireFire Blast
85.3%
BugString Shot
85.2%
GroundDig
85.2%
GrassRazor Leaf
84.9%
WaterHydro Pump
83.8%
WaterBubblebeam
83.8%
FlyingWing Attack
83.6%
FireFire Punch
83.3%
ElectricThunder Punch
82.8%
PoisonPoison Powder
82.8%
GrassSleep Powder
82.7%
GrassSolarbeam
82.1%
FireFire Spin
81.5%
NormalScratch
81.3%
IceBlizzard
81.1%
NormalGrowl
80.8%
IceIce Punch
80.6%
PoisonPoison Sting
80.3%
PsychicConfusion
79.6%
PsychicPsybeam
79.5%
FlyingPeck
79.4%
GrassStun Spore
79.3%
GhostLick
79.1%
NormalCut
78.2%
NormalGust
77.9%
NormalBite
77.9%
RockRock Slide
76.3%
PsychicHypnosis
75.9%
GroundSand-Attack
75.7%
NormalHarden
75.4%
NormalMega Punch
75.4%
NormalTail Whip
75.1%
NormalSlash
75%
GrassLeech Seed
74.3%
NormalStrength
74%
GhostNight Shade
73%
FightingKarate Chop
72.6%
FightingLow Kick
72.5%
Type Move % Correct
NormalLeer
72.4%
PoisonSludge
72.4%
NormalFlash
72.4%
GhostConfuse Ray
71.6%
PsychicDream Eater
71.2%
NormalMega Kick
71.1%
FightingHi Jump Kick
70.9%
IceAurora Beam
70.9%
NormalHyper Beam
70.8%
BugLeechlife
70.1%
PoisonToxic
68.8%
GrassMegadrain
68.4%
NormalQuick Attack
68.3%
FightingSeismic Toss
67.4%
WaterWithdraw
67.4%
GrassAbsorb
67.4%
FightingDouble Kick
67.2%
NormalBody Slam
66.8%
GroundFissure
66.3%
NormalSing
65.2%
NormalWrap
65.1%
NormalDouble Slap
65.1%
PsychicAgility
64.8%
FlyingSky Attack
64.8%
PoisonAcid
64.5%
NormalWhirlwind
63.9%
PsychicRest
63.8%
FlyingDrill Peck
63.7%
NormalPound
63.4%
PsychicPsywave
63.2%
FightingJump Kick
62.7%
BugTwineedle
62.3%
NormalHorn Drill
62.1%
IceHaze
61.8%
NormalSelfdestruct
61.6%
IceMist
61.3%
PsychicLight Screen
61%
WaterWaterfall
60.7%
NormalSlam
60.1%
NormalHorn Attack
59.9%
FlyingMirror Move
59.4%
NormalExplosion
58.7%
PoisonPoison Gas
58.4%
NormalRecover
58.1%
BugPin Missile
57.7%
NormalDouble Team
57.2%
GrassSpore
56.9%
NormalDefense Curl
56.8%
NormalMetronome
56.7%
NormalSplash
56.4%
NormalRage
56%
PsychicTeleport
55.9%
PsychicBarrier
55.7%
NormalBind
55.6%
PsychicReflect
55.4%
Type Move % Correct
NormalFury Attack
55.3%
NormalTransform
54.9%
FightingSubmission
54.8%
PoisonAcid Armour
54.7%
NormalSupersonic
54.7%
NormalBide
54.5%
NormalScreech
54.2%
NormalTake Down
53.9%
PoisonSmog
53.4%
NormalSkull Bash
52.6%
NormalGuillotine
52.5%
NormalDouble-Edge
52.4%
FightingRolling Kick
51.6%
NormalFury Swipes
51.6%
GroundBone Club
51.2%
NormalSwords Dance
51.2%
NormalHeadbutt
50.7%
NormalSwift
50.6%
NormalEgg Bomb
50.4%
FightingCounter
49.9%
GroundBonemerang
49.9%
NormalComet Punch
49.9%
PsychicAmnesia
49.5%
NormalGrowth
49.1%
NormalHyper Fang
49%
NormalConstrict
48.8%
NormalMinimise
48.7%
NormalRoar
48.5%
NormalTri Attack
48.4%
NormalSoft Boiled
48.2%
WaterCrabhammer
47.5%
NormalStomp
47.2%
GrassPetal Dance
45.8%
WaterClamp
45.6%
NormalGlare
44.7%
NormalLovely Kiss
44.5%
NormalFocus Energy
44.4%
NormalThrash
44.3%
NormalSuper Fang
44.1%
PsychicKinesis
42.6%
NormalSmokescreen
42.3%
NormalPay Day
42%
PsychicMeditate
40.5%
NormalSubstitute
39.7%
NormalSonic Boom
39.4%
NormalRazor Wind
38.9%
NormalDizzy Punch
38.2%
NormalConversion
37%
NormalVice Grip
36.6%
NormalBarrage
35.1%
NormalMimic
33%
NormalSharpen
32.6%
NormalDisable
32%
NormalSpike Cannon
29.4%

You're not logged in!

Compare scores with friends on all Sporcle quizzes.
Join for Free
OR
Log In

You Might Also Like...

Show Comments

Extras

Top Quizzes Today


Score Distribution

Your Account Isn't Verified!

In order to create a playlist on Sporcle, you need to verify the email address you used during registration. Go to your Sporcle Settings to finish the process.

Report this User

Report this user for behavior that violates our Community Guidelines.

Details: